• 首页
  • 本馆介绍
  • 公告通知
  • 最新文献
  • 馆藏检索
  • 电子资源
  • 读者导购
  • 参考咨询
  • 我的图书馆
  • 登录
  • 详细信息显示
  • 放入我的书架
  • 预约/预借图书
  • 作者相关作品
  • 分类相关作品
  • 丛书相关作品
  • 出版社相关作品

书目信息

  • 表格格式
  • 工作单格式
  • 卡片格式
题名:
河北邯郸古树名木
    
 
作者: 张顺桥 主编 ;邯郸市绿化委员会 编
分册:  
出版信息: 北京   中国林业出版社  2019
页数: 397页
开本: 29cm
丛书名:
单 册:
中图分类: S717.222.3HD
科图分类:
主题词: 树木--介绍--河北--邯郸
电子资源:
ISBN: 978-7-5038-9986-7
000 00985nam0 2200253 45
001 012001003176
005 20140129130928.0
010    @a978-7-5038-9986-7@dCNY260.00
100    @a20190711d2019 em y0chiy50 ea
101 0  @achi
102    @aCN@b110000
105    @aa z 000yy
106    @ar
200 1  @a河北邯郸古树名木@9he bei han dan gu shu ming mu@f邯郸市绿化委员会编
210    @a北京@c中国林业出版社@d2019
215    @a397页@c彩图@d29cm
314    @a主编:张顺桥
330    @a本书收录了邯郸市18个区县的近400株古树名木,以图文并茂的形式向读者展示每株古树的风貌,有科学性的描述,也有记述性的典故,配以精美的图片,文后以附表的形式记录邯郸市的1200余株古树名木的主要特征。该书的出版对古树名木的保护具有积极意义。
606 0  @a树木@x介绍@y河北@y邯郸
690    @aS717.222.3HD@v5
701  0 @a张顺桥@9zhang shun qiao@4主编
712 02 @a邯郸市绿化委员会@9han dan shi lv hua wei yuan hui@4编
801  0 @aCN@b北京卓展@c20191020
905    @b1210658-9@dS717.222.3HD@e141@f2
    
    河北邯郸古树名木/邯郸市绿化委员会编.-北京:中国林业出版社,2019
    397页:彩图;29cm
    
    
    ISBN 978-7-5038-9986-7:CNY260.00
    本书收录了邯郸市18个区县的近400株古树名木,以图文并茂的形式向读者展示每株古树的风貌,有科学性的描述,也有记述性的典故,配以精美的图片,文后以附表的形式记录邯郸市的1200余株古树名木的主要特征。该书的出版对古树名木的保护具有积极意义。
●
相关链接 在E读中查询图书 在五车中查询图书 在当当中查询图书 在豆瓣中查询图书


正题名:河北邯郸古树名木     索取号:S717.222.3HD/141         预约/预借

序号 登录号 条形码 馆藏地/架位号 状态 备注
1 1210658   212106585   第二样本阅览室/ [索取号:S717.222.3HD/141] 在馆    
2 1210659   212106594   第三借阅区/ [索取号:S717.222.3HD/141] 在馆    
唐山师范学院图书馆 欢迎您!
大连网信软件有限公司© 版权所有